How to excel in management: (Record no. 163306)

MARC details
000 -LEADER
fixed length control field 00526nam a22001697a 4500
005 - DATE AND TIME OF LATEST TRANSACTION
control field 20190408170602.0
010 ## - LCCN (DPL NO)
LC control number A-943789
020 ## - INTERNATIONAL STANDARD BOOK NUMBER
International Standard Book Number 8176480487
Terms of availability 100.00
035 ## - SYSTEM CONTROL NUMBER
System control number A-943789
037 ## - SOURCE OF ACQUISITION
Source of stock number/acquisition APH Publishing Corporation
082 ## - DEWEY DECIMAL CLASSIFICATION NUMBER
Classification number 658.409
100 ## - MAIN ENTRY--PERSONAL NAME
Personal name Bisnauth, Ricki
245 ## - TITLE STATEMENT
Title How to excel in management:
Remainder of title the A-Z of management people successfully /
Statement of responsibility, etc Ricky Bisnauth
260 ## - PUBLICATION, DISTRIBUTION, ETC. (IMPRINT)
Place of publication, distribution, etc New Delhi
Name of publisher, distributor, etc APH Publishing Corporation
Date of publication, distribution, etc 1999
300 ## - PHYSICAL DESCRIPTION
Extent 48p.
Dimensions 24cm(hbk)
942 ## - ADDED ENTRY ELEMENTS (KOHA)
Source of classification or shelving scheme Dewey Decimal Classification
Item type English Books
Classification part 658.409
Call number suffix BIS
Holdings
Withdrawn status Lost status Not for loan Collection code Home library Current library Date acquired Full call number Barcode Koha item type
      Non-fiction Sarojini Nagar Sarojini Nagar 08/04/2019 658.409 BIS A-943789 English Books

© Delhi Public Library
Hit Counter
free hit counter